[Event "IHEM"]
[Site "Hamburg GER"]
[Date "2003.06.12"]
[Round "6"]
[White "Putzbach,G"]
[Black "Baramidze,D"]
[Result "0-1"]
[WhiteElo "2253"]
[BlackElo "2440"]
[EventDate "2003.06.07"]

1. e4 c5 2. Nf3 d6 3. d4 cxd4 4. Nxd4 Nf6 5. Nc3 a6 6. h3 b5 7. g4 Bb7 8.
Bg2 h6 9. a4 bxa4 10. Rxa4 Nbd7 11. Nb3 Rc8 12. Be3 e6 13. Na5 Ba8 14. Qd3
Be7 15. Qxa6 O-O 16. O-O d5 17. exd5 exd5 18. Rd1 Bc5 19. Nxd5 Nxd5 20.
Bxd5 Bxe3 21. fxe3 Qg5 22. Bxf7+ Kh8 23. Rf4 Rxc2 24. Nb7 Qh4 25. Rf3 Ne5
26. Qf1 Bxb7 27. Bd5 Nxf3+ 28. Bxf3 Qg3+ 0-1

[Event "IHEM"]
[Site "Hamburg GER"]
[Date "2003.06.12"]
[Round "6"]
[White "Lindinger,M"]
[Black "Levin,F"]
[Result "1/2-1/2"]
[WhiteElo "2304"]
[BlackElo "2519"]
[EventDate "2003.06.07"]

1. d4 d5 2. Nc3 Bf5 3. Bf4 e6 4. e3 Nf6 5. Bd3 Bg6 6. Nf3 a6 7. Ne5 c5 8.
O-O Bxd3 9. cxd3 cxd4 10. exd4 b5 11. a4 b4 12. Ne2 Bd6 13. a5 O-O 14. Qa4
Nh5 1/2-1/2

[Event "IHEM"]
[Site "Hamburg GER"]
[Date "2003.06.12"]
[Round "6"]
[White "Rogozenko,D"]
[Black "Bach,M"]
[Result "1-0"]
[WhiteElo "2519"]
[BlackElo "2349"]
[EventDate "2003.06.07"]

1. d4 d5 2. c4 e6 3. Nf3 c5 4. cxd5 exd5 5. g3 Nc6 6. Bg2 Nf6 7. O-O Be7 8.
Nc3 O-O 9. Bg5 cxd4 10. Nxd4 h6 11. Be3 Re8 12. Qc2 Bg4 13. Rad1 Qd7 14.
Nb3 Nb4 15. Qd2 Bf5 16. a3 Bc2 17. axb4 Bxb3 18. Nxd5 Qf5 19. Nxe7+ Rxe7
20. Ra1 a6 21. Bc5 Rd7 22. Qc3 Bd5 23. f3 Qe6 24. e4 Bc6 25. Rfd1 Rc8 26.
Rxd7 Bxd7 27. Qe3 Bb5 28. Rd1 Nd7 29. Bd4 Ne5 30. Bc3 Nc6 31. Rd2 Qc4 32.
h4 Re8 33. Qc5 Qa2 34. Kh2 Qb1 35. Rd7 Qc2 36. Rd2 Qc1 37. Qg1 Qxg1+ 38.
Kxg1 Ne5 39. Kf2 Nc4 40. Rd1 Ba4 41. Rd4 Nb6 42. Bf1 Rc8 43. h5 Bc6 44. Rd6
Re8 45. g4 Nc8 46. Rd2 Nb6 47. Bd4 Na8 48. Be3 Nc7 49. Bc4 Rc8 50. Bb3 Ne6
51. Bb6 Kf8 52. Ke3 Ke7 53. f4 f6 54. Rd1 Bb5 55. f5 Nd8 56. Bc5+ Ke8 57.
Rd6 Rc6 58. e5 fxe5 59. Rg6 Rc7 60. Bd6 Rd7 61. f6 1-0

[Event "IHEM"]
[Site "Hamburg GER"]
[Date "2003.06.12"]
[Round "6"]
[White "Sprenger,J"]
[Black "Hebbinghaus,H"]
[Result "1-0"]
[WhiteElo "2431"]
[BlackElo "2273"]
[EventDate "2003.06.07"]

1. e4 c6 2. d4 d5 3. exd5 cxd5 4. c4 Nf6 5. Nc3 Nc6 6. Nf3 Bg4 7. cxd5 Nxd5
8. Qb3 Bxf3 9. gxf3 e6 10. Qxb7 Nxd4 11. Bb5+ Nxb5 12. Qc6+ Ke7 13. Qxb5
Qd7 14. Nxd5+ Qxd5 15. Qxd5 exd5 16. Bf4 Ke6 17. O-O-O Bb4 18. a3 Ba5 19.
b4 Bb6 20. Rhe1+ Kf5 21. Bd6 Rac8+ 22. Kb2 d4 23. Re5+ Kf6 24. Rde1 d3 25.
Be7+ Kg6 26. Rg1+ Kh6 27. Bg5+ Kg6 28. Bh4+ Kh6 29. Rd5 Bxf2 30. Bg5+ Kg6
31. Rg2 Rc2+ 32. Kb3 Be1 33. Rg1 Bf2 34. Rg2 Be1 35. Bd2+ Kf6 36. Rd6+ Ke7
37. Rxd3 Rxd2 38. Rgxd2 Bxd2 39. Rxd2 h5 40. Rd5 Rh6 41. Re5+ Kd7 42. Rf5
Ke7 43. a4 h4 44. Kc4 Rc6+ 45. Kb5 Rc2 46. h3 Rh2 47. Ka6 Rxh3 48. Kxa7 g6
49. Re5+ Kd6 50. Re3 Rh1 51. b5 Ra1 52. Re4 g5 53. b6 Rb1 54. b7 f5 55. Re1
1-0

[Event "IHEM"]
[Site "Hamburg GER"]
[Date "2003.06.12"]
[Round "6"]
[White "Schulz,HJ"]
[Black "Gollasch,T"]
[Result "0-1"]
[WhiteElo "2099"]
[BlackElo "2117"]
[EventDate "2003.06.07"]

1. e4 c5 2. b4 cxb4 3. Bb2 d5 4. exd5 Qxd5 5. d4 Nf6 6. c4 bxc3 7. Nxc3 Qa5
8. Bc4 e6 9. Nge2 Bb4 10. O-O O-O 11. Qb3 Nbd7 12. a3 Be7 13. Ng3 Nb6 14.
Bd3 Bd7 15. Rfe1 Na4 16. Nxa4 Qxa4 17. Qa2 Bb5 18. Bxb5 Qxb5 19. Re5 Nd5
20. Nh5 Rac8 21. Nf4 Rfd8 22. Rae1 Bf6 23. a4 Qa5 24. Nxd5 Bxe5 25. Ne7+
Kf8 26. Rxe5 Qd2 27. Ng6+ Kg8 28. Ne7+ Kh8 29. Qb1 Rc2 30. Kh1 Rxb2 31.
Qxh7+ Kxh7 32. Rh5+ Qh6 0-1

[Event "IHEM"]
[Site "Hamburg GER"]
[Date "2003.06.12"]
[Round "6"]
[White "Reddmann,H"]
[Black "Laqua,C"]
[Result "1/2-1/2"]
[WhiteElo "2358"]
[BlackElo "2206"]
[EventDate "2003.06.07"]

1. d4 d6 2. Nf3 Bg4 3. e4 Nf6 4. h3 Bxf3 5. Qxf3 c6 6. Bc4 e6 7. Bb3 d5 8.
e5 Nfd7 9. O-O Qb6 10. Be3 c5 11. dxc5 Bxc5 12. Bxc5 Nxc5 13. Nd2 Nc6
1/2-1/2

[Event "IHEM"]
[Site "Hamburg GER"]
[Date "2003.06.12"]
[Round "6"]
[White "Hochgraefe,M"]
[Black "Stanke,J"]
[Result "0-1"]
[WhiteElo "2331"]
[BlackElo "2322"]
[EventDate "2003.06.07"]

1. d4 Nf6 2. c4 e6 3. Nc3 d5 4. cxd5 exd5 5. Bg5 Be7 6. e3 Nbd7 7. Bd3 O-O
8. Qc2 Re8 9. Nf3 c6 10. O-O Nf8 11. Rab1 a5 12. a3 Ng6 13. Bxf6 Bxf6 14.
b4 Bg4 15. Nd2 Be7 16. Bf5 Bxf5 17. Qxf5 axb4 18. axb4 b5 19. Rfc1 Bd6 20.
Rb2 Re6 21. g3 Qe7 22. Na2 Ra6 23. Nb3 Qa7 24. Qb1 Ne7 25. Rbc2 h5 26. Kg2
h4 27. Na5 Qd7 28. Rc3 Rh6 29. Rh1 h3+ 30. Kf1 Qg4 31. Ke1 Re6 32. Rd3 Bc7
33. Qd1 Qe4 34. f3 Qg6 35. Kf2 Nf5 36. Rg1 Bxa5 37. bxa5 Rxa5 38. Nb4 Ra4
39. Qb3 Nxe3 40. Rxe3 Rxb4 41. Rxe6 Rxb3 42. Rxg6 Rb2+ 43. Ke3 fxg6 0-1

[Event "IHEM"]
[Site "Hamburg GER"]
[Date "2003.06.12"]
[Round "6"]
[White "Sawadkuhi,M"]
[Black "Meier,DG"]
[Result "1-0"]
[WhiteElo "2250"]
[BlackElo "2183"]
[EventDate "2003.06.07"]

1. e4 e6 2. d4 c5 3. d5 exd5 4. exd5 Bd6 5. Nc3 Nf6 6. Nf3 O-O 7. Nd2 Bc7
8. Nc4 d6 9. Be2 Bf5 10. O-O a6 11. a4 Nbd7 12. Ne3 Bg6 13. f4 Be4 14. Nxe4
Nxe4 15. Bf3 Nef6 16. Qd3 Rb8 17. c4 Re8 18. Nf5 Nf8 19. Bd2 Ng6 20. g3 Ne7
21. a5 Nxf5 22. Qxf5 Qd7 23. Qd3 Qh3 24. Bg2 Qg4 25. Rf2 Qd7 26. Bc3 Ng4
27. Rf3 Nh6 28. Re1 Rxe1+ 29. Bxe1 Re8 30. Re3 Rxe3 31. Qxe3 Nf5 32. Qe4
Nd4 33. b4 f5 34. Qd3 Bd8 35. Bf2 Bf6 36. bxc5 dxc5 37. Qb1 h6 38. h3 Qc7
39. d6 Qxd6 40. Bd5+ Kh7 41. Qxb7 Ne2+ 42. Kf1 Nc3 43. Qc8 Nxd5 44. Qxf5+
g6 45. Qxd5 Qxd5 46. cxd5 Bc3 47. Be1 Bd4 48. Ke2 Kg7 49. Kd3 Kf7 50. Bc3
Bf2 51. g4 Bh4 52. Kc4 Bf2 53. Kd3 Bh4 54. Ke4 Bd8 55. f5 gxf5+ 56. gxf5
Bc7 57. Kd3 Bg3 58. Kc4 Bd6 59. Bb2 Bc7 60. Kxc5 Bxa5 61. Kc6 Bd8 62. d6
1-0

[Event "IHEM"]
[Site "Hamburg GER"]
[Date "2003.06.12"]
[Round "6"]
[White "Schuetze,M"]
[Black "Engelbert,C"]
[Result "0-1"]
[WhiteElo "2182"]
[BlackElo "2235"]
[EventDate "2003.06.07"]

1. Nf3 g6 2. c4 Bg7 3. d4 d6 4. Nc3 e5 5. e3 Nc6 6. Be2 Nge7 7. d5 Nb8 8.
O-O O-O 9. Rb1 h6 10. b4 f5 11. Nd2 Nd7 12. Bb2 e4 13. Nb3 Ne5 14. Nd4 Kh7
15. Qb3 Nd3 16. Bxd3 Bxd4 17. Bxe4 fxe4 18. exd4 Bf5 19. Rbe1 Qd7 20. Nxe4
g5 21. Bc1 Ng8 22. Ng3 Bg6 23. f4 g4 24. Re6 Qf7 25. Rfe1 a5 26. a3 axb4
27. axb4 Ra1 28. Qe3 Bf5 29. Nxf5 Qxf5 30. Qe4 Qxe4 31. R6xe4 Rf7 32. Kf2
Rb1 33. Bd2 Rb2 34. Ke2 Nf6 35. Re3 b5 36. Kd3 bxc4+ 37. Kc3 Ra2 38. R3e2
Nxd5+ 39. Kxc4 c6 40. Kb3 Rfa7 41. Bc1 R2a4 42. Bd2 Ra3+ 43. Kb2 Ra2+ 44.
Kb1 Kg6 45. f5+ Kf7 46. g3 h5 47. Kc1 R7a3 48. Re6 Rd3 49. Bg5 Rc3+ 50. Kb1
Rcc2 51. R1e3 Rcb2+ 52. Kc1 Rxh2 53. Kb1 Rhb2+ 54. Kc1 Rf2 55. Kb1 Rfb2+
56. Kc1 Rh2 57. Kb1 Rab2+ 58. Kc1 Rbf2 59. Re1 Rc2+ 60. Kb1 Nc3+ 0-1

[Event "IHEM"]
[Site "Hamburg GER"]
[Date "2003.06.12"]
[Round "6"]
[White "Cording,H"]
[Black "Jacoby,G"]
[Result "1/2-1/2"]
[WhiteElo "2265"]
[BlackElo "2258"]
[EventDate "2003.06.07"]

1. d4 d5 2. c4 c6 3. Nf3 Nf6 4. cxd5 cxd5 5. Nc3 Nc6 6. Bf4 Bf5 7. e3 e6 8.
Bb5 Bd6 9. Bxd6 Qxd6 10. O-O O-O 11. Rc1 Rac8 12. Bd3 Bxd3 13. Qxd3 Qb4 14.
Qb5 1/2-1/2

[Event "IHEM"]
[Site "Hamburg GER"]
[Date "2003.06.12"]
[Round "6"]
[White "Fraas,H"]
[Black "Kroencke,M"]
[Result "1-0"]
[WhiteElo "2188"]
[BlackElo "2195"]
[EventDate "2003.06.07"]

1. f4 c5 2. Nf3 Nc6 3. d3 g6 4. e4 Bg7 5. Be2 d6 6. O-O Bg4 7. c3 Nf6 8.
Qe1 O-O 9. Nbd2 Rb8 10. h3 Bxf3 11. Nxf3 c4 12. Qh4 cxd3 13. Bxd3 Nd7 14.
Qf2 b5 15. Nd4 Nxd4 16. cxd4 Nf6 17. d5 Qd7 18. Be3 a6 19. g4 Qb7 20. Rac1
Rfc8 21. g5 Nd7 22. b4 Rxc1 23. Rxc1 Rc8 24. Qd2 Kf8 25. Qd1 Rc3 26. Rxc3
Bxc3 27. Qb3 Qc8 28. Kg2 Qc7 29. Qc2 1-0

[Event "IHEM"]
[Site "Hamburg GER"]
[Date "2003.06.13"]
[Round "7"]
[White "Levin,F"]
[Black "Moreno Carnero,J"]
[Result "1/2-1/2"]
[WhiteElo "2519"]
[BlackElo "2504"]
[EventDate "2003.06.07"]

1. d4 Nf6 2. c4 g6 3. Nc3 Bg7 4. e4 d6 5. Be2 O-O 6. Bg5 Na6 7. f4 c6 8.
Nf3 Nc7 9. Bh4 d5 10. cxd5 cxd5 11. e5 Ne4 12. O-O Ne6 13. g3 b6 14. Qb3
Bb7 15. Bd3 Kh8 16. Rae1 f6 17. Nxe4 1/2-1/2

[Event "IHEM"]
[Site "Hamburg GER"]
[Date "2003.06.13"]
[Round "7"]
[White "Haba,P"]
[Black "Rogozenko,D"]
[Result "1/2-1/2"]
[WhiteElo "2514"]
[BlackElo "2519"]
[EventDate "2003.06.07"]

1. e4 c5 2. Nf3 Nc6 3. d4 cxd4 4. Nxd4 Nf6 5. Nc3 e6 6. Ndb5 d6 7. Bf4 e5
8. Bg5 a6 9. Na3 b5 10. Nd5 Be7 11. Bxf6 Bxf6 12. c3 O-O 13. Nc2 Rb8 14. a3
Bg5 15. Bd3 Be6 16. Ncb4 Nxb4 17. Nxb4 Qb6 18. Bc2 Bc4 19. Nd5 Qb7 20. h4
Bd8 1/2-1/2

[Event "IHEM"]
[Site "Hamburg GER"]
[Date "2003.06.13"]
[Round "7"]
[White "Lanka,Z"]
[Black "Sprenger,J"]
[Result "1-0"]
[WhiteElo "2488"]
[BlackElo "2431"]
[EventDate "2003.06.07"]

1. e4 c5 2. Nf3 Nc6 3. d4 cxd4 4. Nxd4 Nf6 5. Nc3 e5 6. Ndb5 d6 7. Bg5 a6
8. Na3 b5 9. Nd5 Be7 10. Bxf6 Bxf6 11. c3 O-O 12. Nc2 Rb8 13. h4 Be7 14. g3
Be6 15. a3 a5 16. Nce3 a4 17. Bd3 Qd7 18. Qe2 Na5 19. Rd1 Bd8 20. O-O Nb3
21. Bc2 Nc5 22. Rd2 g6 23. Kh2 Kg7 24. Rfd1 Re8 25. f3 h5 26. Qf2 Rf8 27.
f4 exf4 28. Nxf4 Rb6 29. e5 Nb7 30. Ned5 Bxd5 31. Rxd5 Bc7 32. Nxh5+ 1-0

[Event "IHEM"]
[Site "Hamburg GER"]
[Date "2003.06.13"]
[Round "7"]
[White "Stanke,J"]
[Black "Reddmann,H"]
[Result "1-0"]
[WhiteElo "2322"]
[BlackElo "2358"]
[EventDate "2003.06.07"]

1. c4 e6 2. g3 c5 3. Bg2 Nc6 4. Nf3 Nf6 5. O-O a6 6. d4 cxd4 7. Nxd4 Bc5 8.
Nb3 Be7 9. c5 O-O 10. Nc3 d6 11. cxd6 Bxd6 12. Bg5 Be7 13. Rc1 Bd7 14. e4
h6 15. Be3 Qc7 16. Na4 Be8 17. Nb6 Rd8 18. Qe2 Qb8 19. Rfd1 Kh8 20. h3
Rxd1+ 21. Qxd1 Qc7 22. a3 Rg8 23. Qd2 Bd7 24. e5 Nd5 25. Nxd5 exd5 26. Bxh6
Be6 27. Nd4 Qxe5 28. Nxc6 bxc6 29. Bf4 Qf6 30. Rxc6 Rd8 31. h4 Qg6 32. Rxa6
Bf6 33. b4 Rc8 34. Bxd5 Qb1+ 35. Kg2 Bf5 36. Qe2 Bg6 37. Ra8 Rxa8 38. Bxa8
Bd3 39. Qd2 Bd4 40. Be3 Be5 41. Qc1 1-0

[Event "IHEM"]
[Site "Hamburg GER"]
[Date "2003.06.13"]
[Round "7"]
[White "Bach,M"]
[Black "Sawadkuhi,M"]
[Result "1-0"]
[WhiteElo "2349"]
[BlackElo "2250"]
[EventDate "2003.06.07"]

1. d4 Nf6 2. c4 c5 3. d5 b5 4. cxb5 a6 5. b6 g6 6. Nc3 Qxb6 7. e4 d6 8. f4
Bg7 9. Nf3 O-O 10. Be2 Ne8 11. O-O Nd7 12. Qe1 Nc7 13. Qh4 Nb5 14. Nxb5
axb5 15. f5 Nf6 16. Ng5 h6 17. Nh3 g5 18. Nxg5 hxg5 19. Bxg5 c4+ 20. Kh1
Qd4 21. Rf3 Qxb2 22. Re1 Rxa2 23. Bh6 Ne8 24. Bxg7 Qxg7 25. Rg3 f6 26. Bh5
Rf7 27. Bxf7+ Kxf7 28. Rxg7+ Nxg7 29. g4 b4 30. g5 fxg5 31. Qxg5 Ne8 32.
Qh5+ Kf8 33. Qh8+ Kf7 34. Rg1 Bd7 35. Rg2 Ra1+ 36. Rg1 Rxg1+ 37. Kxg1 Nf6
38. Qb8 b3 39. Qb4 Nxe4 40. Qxc4 Nc5 41. Qc3 Bxf5 42. h4 Be4 43. h5 Bxd5
44. Qd4 Be4 45. h6 e5 46. Qxd6 b2 47. Qc7+ Nd7 48. Qxd7+ Kf6 49. Qd8+ Kf5
50. Qb6 1-0

[Event "IHEM"]
[Site "Hamburg GER"]
[Date "2003.06.13"]
[Round "7"]
[White "Engelbert,C"]
[Black "Pajeken,W"]
[Result "1-0"]
[WhiteElo "2235"]
[BlackElo "2321"]
[EventDate "2003.06.07"]

1. e4 e5 2. Nf3 Nc6 3. Bc4 Nf6 4. d4 exd4 5. O-O Bc5 6. c3 Nxe4 7. cxd4 d5
8. dxc5 dxc4 9. Qxd8+ Kxd8 10. Ng5 Nxg5 11. Rd1+ Bd7 12. Bxg5+ Kc8 13. Na3
Be6 14. Nb5 a6 15. Nd4 Nxd4 16. Rxd4 Kb8 17. Bf4 a5 18. Rad1 Rc8 19. f3 Ra6
20. R4d2 Rc6 21. Be3 b5 22. a3 Kb7 23. g4 Ra6 24. Rd8 Raa8 25. Rxc8 Rxc8
26. Kf2 Kc6 27. Bd4 g6 28. h4 b4 29. axb4 axb4 30. Ra1 Kd5 31. Rd1 Ra8 32.
Ke3 Kc6 33. Kf4 Rd8 34. Ke3 Bd5 35. Ra1 Re8+ 36. Kf2 Kb5 37. Rd1 c6 38. Rd2
c3 39. bxc3 b3 40. Be3 Kc4 41. Re2 Rxe3 42. Kxe3 Kxc3 43. f4 b2 44. Re1 Ba2
1-0

[Event "IHEM"]
[Site "Hamburg GER"]
[Date "2003.06.13"]
[Round "7"]
[White "Hebbinghaus,H"]
[Black "Laqua,C"]
[Result "1/2-1/2"]
[WhiteElo "2273"]
[BlackElo "2206"]
[EventDate "2003.06.07"]

1. e4 Nf6 2. e5 Nd5 3. d4 d6 4. c4 Nb6 5. exd6 exd6 6. Nc3 Be7 7. Bd3 O-O
8. Nge2 Re8 9. O-O c6 10. h3 d5 11. c5 N6d7 12. Be3 b6 13. b4 a5 14. a3 b5
15. Qc2 Nf8 16. Bd2 a4 17. f4 Bf6 18. f5 Nbd7 19. Rae1 h6 20. g3 Bg5 21.
Nf4 Rxe1 22. Rxe1 Nh7 23. h4 Bf6 24. Be3 Nb8 25. Qf2 Ra7 26. Nh5 Re7 27.
Nxf6+ Nxf6 28. Bf4 Ng4 29. Qd2 Nd7 30. Re2 Ndf6 31. Qe1 Rxe2 1/2-1/2

[Event "IHEM"]
[Site "Hamburg GER"]
[Date "2003.06.13"]
[Round "7"]
[White "Mandelbaum,P"]
[Black "Hochgraefe,M"]
[Result "1/2-1/2"]
[WhiteElo "2191"]
[BlackElo "2331"]
[EventDate "2003.06.07"]

1. e4 e6 2. d4 d5 3. Nc3 Bb4 4. e5 Ne7 5. Bd2 c5 6. Nb5 Bxd2+ 7. Qxd2 O-O
8. dxc5 Nd7 9. f4 Nxc5 10. Nd4 Qb6 11. O-O-O Bd7 12. Kb1 Rfc8 13. Rc1 Ne4
14. Qe3 Nc3+ 15. Ka1 Na4 16. Rb1 Nc6 17. Ngf3 Nb4 18. Bd3 h6 19. c3 Nxa2
20. Kxa2 Nxc3+ 21. bxc3 Qa5+ 22. Kb2 Qxc3+ 23. Ka2 Qa5+ 24. Kb2 1/2-1/2

[Event "IHEM"]
[Site "Hamburg GER"]
[Date "2003.06.13"]
[Round "7"]
[White "Jacoby,G"]
[Black "Putzbach,G"]
[Result "0-1"]
[WhiteElo "2258"]
[BlackElo "2253"]
[EventDate "2003.06.07"]

1. c4 e5 2. Nc3 d6 3. d4 exd4 4. Qxd4 Nc6 5. Qd2 g6 6. g3 Bg7 7. Bg2 Be6 8.
b3 Qd7 9. Bb2 O-O-O 10. Nd5 Bxb2 11. Qxb2 Nh6 12. h4 Ng4 13. Nh3 h6 14.
O-O-O Nce5 15. e4 c6 16. Nc3 f5 17. Nf4 Bf7 18. Rhe1 Qc7 19. exf5 gxf5 20.
f3 Nh2 21. Qf2 Qa5 22. Kb2 Qb4 23. Nb1 Nxc4+ 24. Kc1 Na5 25. Bh3 Bxb3 26.
axb3 Nxb3+ 27. Kb2 Nd4+ 28. Ka1 Nhxf3 29. Bxf5+ Kb8 30. Qb2 Qxb2+ 31. Kxb2
Nxf5 32. Rf1 Ne5 33. Ne6 Ne3 34. Nxd8 Rxd8 0-1

[Event "IHEM"]
[Site "Hamburg GER"]
[Date "2003.06.13"]
[Round "7"]
[White "Schuetze,M"]
[Black "Cording,H"]
[Result "0-1"]
[WhiteElo "2182"]
[BlackElo "2265"]
[EventDate "2003.06.07"]

1. Nf3 g6 2. c4 Bg7 3. d4 d6 4. Nc3 e5 5. e3 Nd7 6. Be2 Nh6 7. e4 O-O 8.
O-O a5 9. h3 c6 10. Be3 f5 11. d5 f4 12. dxc6 bxc6 13. Bc1 Nc5 14. b3 Nf7
15. Ba3 Qe7 16. Bxc5 dxc5 17. Qc2 h5 18. Na4 Ra7 19. Qb2 Re8 20. Rad1 g5
21. Nh2 g4 22. hxg4 hxg4 23. Nxg4 Bxg4 24. Bxg4 Ng5 25. f3 Qf6 26. Kf2 Bf8
27. Rh1 Qg7 28. Bf5 Nxf3 29. Kf1 Ng5 30. Qf2 Raa8 31. Ke2 Rad8 32. Rxd8
Rxd8 33. Rd1 Rd4 34. Rxd4 cxd4 35. Nb2 Qh6 36. Kd3 Qh1 37. Qe2 Qb1+ 38. Qc2
Qxa2 39. Na4 Qa1 40. Qe2 Bb4 41. Nb2 Kf8 42. Nd1 Ke7 43. Qh5 Qb1+ 44. Ke2
f3+ 45. gxf3 Qc2+ 46. Kf1 Qxd1+ 47. Kg2 Qe2+ 48. Kg3 Be1+ 0-1

[Event "IHEM"]
[Site "Hamburg GER"]
[Date "2003.06.13"]
[Round "7"]
[White "Meier,DG"]
[Black "Fraas,H"]
[Result "1-0"]
[WhiteElo "2183"]
[BlackElo "2188"]
[EventDate "2003.06.07"]

1. d4 f5 2. Nf3 Nf6 3. g3 d6 4. Bg2 g6 5. O-O Nbd7 6. Nbd2 e5 7. e4 fxe4 8.
Ng5 Qe7 9. Ndxe4 Bg7 10. dxe5 Nxe5 11. Nxf6+ Bxf6 12. f4 Bxg5 13. fxe5 Bxc1
14. Qxc1 dxe5 15. Qe3 c6 16. Rae1 Bf5 17. g4 Bd7 18. Qxe5 Qxe5 19. Rxe5+
Kd8 20. Rf7 Rb8 21. Ree7 Bc8 22. Be4 Bxg4 23. Rxh7 Rxh7 24. Rxh7 Bf5 25.
Bxf5 gxf5 26. Kf2 1-0

[Event "IHEM"]
[Site "Hamburg GER"]
[Date "2003.06.14"]
[Round "8"]
[White "Fraas,H"]
[Black "Schuetze,M"]
[Result "1/2-1/2"]
[WhiteElo "2188"]
[BlackElo "2182"]
[EventDate "2003.06.07"]

1. d4 f5 2. Nc3 Nf6 3. Bg5 d5 4. Bxf6 exf6 5. e3 c6 6. h4 h5 7. Bd3 Bd6 8.
f3 Qe7 9. Kd2 Be6 10. Nh3 Nd7 11. Ne2 g6 12. c3 O-O-O 13. Qa4 Kb8 14. Qc2
Rhe8 15. Nf2 Bf7 16. Nd1 Nb6 17. b3 Qc7 18. f4 Qe7 19. a4 Nc4+ 20. bxc4
dxc4 21. Bxf5 gxf5 22. Rh3 Rg8 23. g3 Bd5 24. Qa2 Qe6 25. Rh2 Rde8 26. Ke1
Rg7 1/2-1/2

[Event "IHEM"]
[Site "Hamburg GER"]
[Date "2003.06.14"]
[Round "8"]
[White "Berkes,F"]
[Black "Hector,J"]
[Result "1/2-1/2"]
[WhiteElo "2578"]
[BlackElo "2553"]
[EventDate "2003.06.07"]

1. d4 d5 2. c4 c6 3. Nf3 Nf6 4. Nc3 dxc4 5. a4 Bf5 6. e3 e6 7. Bxc4 Bb4 8.
O-O Nbd7 9. Nh4 O-O 10. Nxf5 exf5 11. Qc2 g6 12. f3 Qe7 13. e4 fxe4 14.
fxe4 Bxc3 15. bxc3 Qxe4 16. Qb3 Kg7 17. Bf4 Rae8 18. Bd6 Qe3+ 19. Kh1 Ne4
20. Bxf8+ Rxf8 21. Qc2 Qxc3 22. Qxe4 Qxc4 23. a5 f5 24. Qf4 Nf6 25. a6 bxa6
26. Rfc1 Qb5 27. Rab1 Qd5 28. Rb7+ Rf7 29. Rxf7+ Kxf7 30. Qc7+ Nd7 31. Qxa7
Kg7 32. Rd1 Kh6 33. Qxa6 Nf6 34. Qe2 Ne4 35. Qe3+ g5 36. Re1 Kg6 37. Rc1 h5
38. Kg1 h4 39. Kf1 g4 40. Qf4 c5 41. dxc5 Qd4 42. g3 hxg3 43. hxg3 Qb2 44.
Re1 Nd2+ 45. Kf2 Ne4+ 46. Kf1 Nd2+ 47. Kg2 1/2-1/2

[Event "IHEM"]
[Site "Hamburg GER"]
[Date "2003.06.14"]
[Round "8"]
[White "Baramidze,D"]
[Black "Levin,F"]
[Result "1/2-1/2"]
[WhiteElo "2440"]
[BlackElo "2519"]
[EventDate "2003.06.07"]

1. e4 e5 2. Nf3 Nf6 3. Nxe5 d6 4. Nf3 Nxe4 5. d4 d5 6. Bd3 Bd6 7. O-O O-O
8. Re1 Bf5 9. c4 c6 10. Qc2 Bg6 11. c5 Bc7 12. Nc3 f5 13. Ne2 Nd7 14. Bf4
Bh5 15. Bxc7 Qxc7 16. Nd2 Rae8 17. f3 Nxd2 18. Qxd2 f4 19. Nc3 Nf6 1/2-1/2

[Event "IHEM"]
[Site "Hamburg GER"]
[Date "2003.06.14"]
[Round "8"]
[White "Rogozenko,D"]
[Black "Stanke,J"]
[Result "1-0"]
[WhiteElo "2519"]
[BlackElo "2322"]
[EventDate "2003.06.07"]

1. d4 Nf6 2. c4 e6 3. Nc3 d5 4. Bg5 Be7 5. e3 O-O 6. Nf3 Nbd7 7. Qc2 c5 8.
O-O-O cxd4 9. Rxd4 Qa5 10. cxd5 exd5 11. h4 Bb4 12. Nd2 Bxc3 13. bxc3 Nc5
14. Bxf6 gxf6 15. Nb3 Qa3+ 16. Qb2 Nxb3+ 17. axb3 Qc5 18. Bd3 Be6 19. Kd2
Rac8 20. Rc1 Qc7 21. g3 Kh8 22. Qc2 Qe5 23. Qd1 Bf5 24. Bxf5 Qxf5 25. Ke1
Rfe8 26. Rxd5 Re5 27. Rxe5 fxe5 28. Qd5 Rc6 29. c4 Rf6 30. f4 exf4 31. Qxf5
Rxf5 32. gxf4 Kg7 33. Rd1 Ra5 34. Rd7 b6 35. Kd2 Kf6 36. Kc3 Ke6 37. Rc7
Ra1 38. Kb2 Ra5 39. e4 h5 40. Rc6+ Ke7 41. Rh6 1-0

[Event "IHEM"]
[Site "Hamburg GER"]
[Date "2003.06.14"]
[Round "8"]
[White "Van Delft,M"]
[Black "Lanka,Z"]
[Result "1/2-1/2"]
[WhiteElo "2341"]
[BlackElo "2488"]
[EventDate "2003.06.07"]

1. e4 c5 2. Nf3 Nc6 3. d4 cxd4 4. Nxd4 Nf6 5. Nc3 d6 6. Bg5 e6 7. Qd2 a6 8.
O-O-O h6 9. Bf4 Bd7 10. Nxc6 Bxc6 11. f3 d5 12. Qe1 Bb4 13. a3 Ba5 14. b4
Bb6 15. exd5 Bxd5 16. Be5 O-O 17. Qh4 Be3+ 18. Kb2 Bg5 19. Qd4 Bc6 20. a4
Qxd4 21. Bxd4 Rfc8 22. Kb3 a5 23. b5 Bd5+ 24. Nxd5 Nxd5 25. Bc4 Ne3 26.
Bxe3 Bxe3 1/2-1/2

[Event "IHEM"]
[Site "Hamburg GER"]
[Date "2003.06.14"]
[Round "8"]
[White "Sprenger,J"]
[Black "Pajeken,W"]
[Result "1-0"]
[WhiteElo "2431"]
[BlackElo "2321"]
[EventDate "2003.06.07"]

1. e4 c5 2. Nf3 d6 3. d4 cxd4 4. Nxd4 Nf6 5. Nc3 Nc6 6. Bc4 Bd7 7. O-O g6
8. Nxc6 Bxc6 9. Nd5 Bg7 10. Bg5 O-O 11. Bxf6 Bxf6 12. Nxf6+ exf6 13. Qd4
Qe7 14. f3 Rfd8 15. Rad1 Qe5 16. Rfe1 Kf8 17. Re3 Ke7 18. Rc3 Qxd4+ 19.
Rxd4 Rac8 20. Ra3 a6 21. Rad3 Bd7 22. c3 Be6 23. Bd5 Rc7 24. Kf2 f5 25. Re3
Kf6 26. exf5 Kxf5 27. g4+ Kf6 28. Bxe6 fxe6 29. Rf4+ Kg5 30. h4+ Kxh4 31.
Rxe6 Kg5 32. Rd4 Rcd7 33. Rd5+ Kh6 34. f4 Kg7 35. Kf3 Kf7 36. f5 gxf5 37.
gxf5 Re7 38. Rh6 Rde8 39. Rxh7+ Kf6 40. Rxd6+ Kg5 41. Rxe7 Rxe7 42. f6 Rf7
43. Ke4 Rxf6 44. Rxf6 Kxf6 45. Kd5 Ke7 46. Kc5 Kd7 47. Kb6 Kc8 48. c4 Kb8
49. c5 a5 50. Kxa5 b6+ 51. Kxb6 Ka8 52. Kc7 Ka7 53. c6 Ka6 54. Kd7 Kb6 55.
c7 Kc5 56. c8=Q Kd5 57. a4 Ke5 58. a5 Kd5 59. a6 Ke5 60. a7 Kd4 61. a8=Q
Ke5 62. Qc3+ Kf4 63. Qaf3+ Kg5 64. Qcf6+ 1-0

[Event "IHEM"]
[Site "Hamburg GER"]
[Date "2003.06.14"]
[Round "8"]
[White "Lindinger,M"]
[Black "Bach,M"]
[Result "0-1"]
[WhiteElo "2304"]
[BlackElo "2349"]
[EventDate "2003.06.07"]

1. d4 d5 2. Nc3 Nf6 3. Bg5 e6 4. e4 Bb4 5. e5 h6 6. Bd2 Bxc3 7. bxc3 Ne4 8.
Qg4 Kf8 9. h4 c5 10. Rh3 Nc6 11. Rf3 cxd4 12. Qf4 Qc7 13. Bd3 g5 14. Qh2
Nxe5 15. Ke2 g4 16. cxd4 g3 17. Rxg3 Ng4 18. Rxg4 Qxh2 19. Bf4 Qh1 20. Bxe4
e5 0-1

[Event "IHEM"]
[Site "Hamburg GER"]
[Date "2003.06.14"]
[Round "8"]
[White "Vokac,M"]
[Black "Mandelbaum,P"]
[Result "1-0"]
[WhiteElo "2484"]
[BlackElo "2191"]
[EventDate "2003.06.07"]

1. Nf3 c5 2. g3 Nc6 3. Bg2 g6 4. O-O Bg7 5. c3 e5 6. e4 Nge7 7. d3 O-O 8.
Nbd2 d5 9. a4 b6 10. exd5 Nxd5 11. Nc4 Rb8 12. Qb3 Nde7 13. Re1 Be6 14. Ng5
Bd5 15. Qc2 Bxg2 16. Kxg2 Qd5+ 17. f3 Rbd8 18. Rd1 h6 19. Ne4 f5 20. Nf2
Qf7 21. Qe2 Rd7 22. Re1 Nd5 23. Bd2 Rfd8 24. Rad1 Re7 25. Bc1 Kh7 26. Rd2
Red7 27. Qf1 a6 28. Rde2 Re7 29. Kg1 b5 30. axb5 axb5 31. Nd2 Nb6 32. Qh3
b4 33. Nf1 bxc3 34. bxc3 c4 35. dxc4 Nxc4 36. Bg5 Bf6 37. Qxh6+ Kg8 38. Nh3
Qg7 39. Qh4 Bxg5 40. Qxc4+ 1-0

[Event "IHEM"]
[Site "Hamburg GER"]
[Date "2003.06.14"]
[Round "8"]
[White "Putzbach,G"]
[Black "Hebbinghaus,H"]
[Result "1/2-1/2"]
[WhiteElo "2253"]
[BlackElo "2273"]
[EventDate "2003.06.07"]

1. e4 c6 2. d4 d5 3. exd5 cxd5 4. c4 Nf6 5. Nc3 Nc6 6. Nf3 Bg4 7. cxd5 Nxd5
8. Qb3 Bxf3 9. gxf3 Nb6 10. d5 Nd4 11. Qd1 e5 12. dxe6 fxe6 13. Be3 Bc5 14.
f4 O-O 15. Bg2 Nc4 16. O-O Nxe3 17. fxe3 Nf5 18. Ne4 Bxe3+ 19. Kh1 Qh4 20.
Qf3 Bb6 21. Rae1 Bc7 22. Ng5 Nd4 23. Qg3 Rxf4 24. Rxf4 Qxf4 25. Qxf4 Bxf4
26. Nxe6 Nxe6 27. Rxe6 Rd8 28. Bf3 Kf7 29. Re2 b6 30. Kg2 g6 31. Bg4 h5 32.
Be6+ Kf6 33. Bc4 Rd6 34. a4 g5 35. h3 Rd4 36. b3 g4 37. hxg4 hxg4 38. Rf2
Kg5 39. Re2 Rd1 40. Re7 Rd2+ 41. Re2 Rd7 42. Re8 Bc7 43. Rg8+ Kf5 44. Rxg4
Rd2+ 45. Kf3 Rf2+ 46. Kxf2 Kxg4 1/2-1/2